| 000 | 00521nam a22001697a 4500 | ||
|---|---|---|---|
| 005 | 20260317140929.0 | ||
| 008 | 260317b |||||||| |||| 00| 0 eng d | ||
| 020 | _a9788129137708 | ||
| 040 | _cVITAP | ||
| 082 |
_223rd Ed. _a294.544 PAT |
||
| 100 |
_aPattanaik, Devdutt _917271 |
||
| 245 |
_aMy Gita _c/ Devdutt Pattanaik |
||
| 260 |
_aNew Delhi _bRupa Publications India Pvt. Ltd. _c2021 |
||
| 300 | _a248p. : ill. ; 20cm | ||
| 650 | 0 |
_aSelf-realization - Religious aspects; Hindu mythology _917272 |
|
| 942 |
_2ddc _cREF |
||
| 999 |
_c47354 _d47354 |
||